Statistics for Andorra First Level Subdivisions

Click here to take the quiz!

General Stats

  • This quiz has been taken 46 times
  • The average score is 4 of 7

Answer Stats

Parishes% Correct
Andorra la Vella
100%
Encamp
62%
Ordino
54%
Canillo
50%
Sant Julià de Lòria
50%
La Massana
46%
Escaldes-Engordany
42%

Score Distribution

Percentile by Number Answered

Percent of People with Each Score

Your Score History

You have not taken this quiz